01927nam a22003497c 450000100060000000300100000600500170001600700030003300800410003602000180007704000350009504100080013004300120013808400060015010000360015624500870019225000230027926400760030230000530037833600290043133700330046033800280049352007340052152100410125558600570129658600460135365000410139965000380144065000380147865000300151670000310154659515CO-BoRNBP20251022145125.0ta250128s2024 ck a|||gr|||| 000 d spa d a9786289648430 aCO-BoRNBPbspaerdacCO-BoRNBP0 aspa as-ag--- aT aVargas, Arístidesd1949-eaut10aTeatro al borde de la mesa /cArístides Vargas ; prólogo Jaime Chabaud Magnus. aEdición especial 1aBogotá, Colombia :bFundación Teatro Musical Latinoamericano,c2024 a331 páginas :bilustraciones en blanco y negro atextobtxt2rdacontenido asin mediaciónbn2rdamedio avolumenbnc2rdasoporte aos textos de Arístides te pierden en cuanto a cómo funciona la relación fábula-acción al tiempo que te arroba con la portentosa capacidad de construir frases poéticas, metáforas, oxímoros e ironías del tamaño de un monumento ácrata. Y por eso analizarlos en tanto maqui- naria, en su funcionamiento, implica la renuncia al disfrute de sus diálo- gos fantásticos y demoledores. Fantásticos porque aluden a una realidad torcida, distorsionada por la imperfección de los múltiples espejos que el dramaturgo escoge para mostrarla mediante imágenes verbales-acción que obliga a releerlas y disfrutarlas como un manjar inaudito que por pri- mera vez entra en contacto con nuestras papilas gustativas aRecomendado para un público adulto aGanadora del premio Sor Juana Inés de la Cruz 2023 aPremio Nacional de Novela 2024 (Colombia)04aLiteratura argentinaySiglo XX2LEMB07aMetáfora en la literatura2lemb04aTeatro argentinoySiglo XX2LEMB07aTeatrovColecciones2lemb aChabaud Magnus, Jaimeewfw